| 000 | 00763nam a22002292 4500 | ||
|---|---|---|---|
| 001 | 0000012933 | ||
| 005 | 20151217152118.0 | ||
| 008 | 090505s xx 000 0 eng d | ||
| 020 | _a013715495x : | ||
| 040 |
_aKABU _cKABU |
||
| 100 | 1 |
_aCascio, Wayne F. _@0000169944 |
|
| 245 | 1 | 0 |
_aApplied psychology in human resource management / _cWayne F. Cascio, Herman Aguinis. |
| 250 | _a6th ed. | ||
| 260 |
_aUpper Saddle River, NJ. : _bPearson Education, _c2005. |
||
| 300 | _axx, 588 p. | ||
| 650 | 0 |
_aPersonnel management _xPsychological aspects. _@0000169945 |
|
| 650 | 0 |
_aPsychology, Industrial. _@0000150821 |
|
| 700 | 1 |
_aAguinis, Herman. _@0000169946 |
|
| 852 | 1 | _9p4800 KES | |
| 908 | _a090505 | ||
| 950 | _@1 | ||
| 999 |
_c8382 _d8382 |
||